Biblioteca

La vida espiritual es una tentación (Registro nro. 69947)

Detalles MARC
000 -LÍDER
Campo fijo de descripción fija 01361nab a2200229 i 4500
001 - NÚMERO DE CONTROL
Campo de control 768714001
003 - IDENTIFICADOR DEL NÚMERO DE CONTROL
Campo de control CO-MdFUSB
005 - FECHA Y HORA DE LA ULTIMA TRANSACCIÓN
control field 20240528084131.0
008 - ELEMENTOS DE LONGITUD FIJA -- INFORMACIÓN GENERAL
Campo fijo de descripción fija -- Información general 240528t1975 sp ||||| |||| 00| 0 spa d
040 ## - FUENTE DE CATALOGACIÓN
Idioma de catalogación spa
Agencia que realiza la transcripción CO-MdFUSB
Agencia que realiza la modificación CO-MdFUSB
041 ## - CÓDIGO DE IDIOMA
Código de idioma para texto/pista de sonido o título separado spa
100 ## - ASIENTO PRINCIPAL--NOMBRE PERSONAL
Término relacionador autor
245 #3 - TÍTULO
Título La vida espiritual es una tentación
Mención de responsabilidad / Fernando Urbina
520 ## - NOTA DE RESUMEN, ETC.
Nota de sumario, etc. La vida espiritual, por su mismo deseo de perfección ante Dios, corre el riesgo de escamotear los conflictos propios de la experiencia histórica concreta.<br/>La vida espiritual se convierte entonces en una tentación de evasión para conciencias asustadas o en un instrumento de justificación para las conciencias dominantes, responsables principales de las graves contradicciones sociales e interesadas en hacerlas desaparecer de la vista. Una reflexión objetiva debe constatar este carácter ambiguo de toda «vida espiritual», ya conocido tradicionalmente en la doctrina de las «tentaciones del espíritu».
650 #0 - ASIENTO SECUNDARIO DE MATERIA - TERMINO TEMÁTICO
Término temático o nombre geográfico como elemento de entrada Vida espiritual
9 (RLIN) 51
650 #7 - ASIENTO SECUNDARIO DE MATERIA - TERMINO TEMÁTICO
Término temático o nombre geográfico como elemento de entrada Fe
9 (RLIN) 531
650 #7 - ASIENTO SECUNDARIO DE MATERIA - TERMINO TEMÁTICO
Término temático o nombre geográfico como elemento de entrada Hermenéutica
9 (RLIN) 418
650 #7 - ASIENTO SECUNDARIO DE MATERIA - TERMINO TEMÁTICO
Término temático o nombre geográfico como elemento de entrada Conflicto cultural
9 (RLIN) 6950
773 0# - ASIENTO DE ITEM FUENTE
Biblionumber 49450
Itemnumber 82690
Otro identificador del ítem R2599
Título Revista internacional de teología Concilium
Número de control del registro (CO-MdFUSB)8
Número Internacional Normalizado para Publicaciones Seriadas (ISSN) 0210-1041
Parte(s) relacionada(s) / Volumen., número. (mes año), páginas Volumen 109, (noviembre, 1975) páginas: 397 - 408
Enumeración y primera página páginas: 397
942 ## - TIPO DE MATERIAL (KOHA)
Tipo de Item KOHA Artículos de Revista
945 ## - INFORMACIÓN LOCAL DEL REGISTRO
Catalogador Catherine Arias Álvarez - Practicante SENA

No hay ítems disponibles.

Biblioteca FUSBC | Teléfono: (57+4) 349 88 10 Ext. 141| WhatsApp (+57) 3005338115 
E-mail: biblioteca@unisbc.edu.co | Calle 76 87-14 Robledo Palenque, Medellín, Colombia

Con tecnología Koha